La Eneida /
Guardado en:
| Autor principal: | |
|---|---|
| Otros Autores: | |
| Formato: | Electrónico eBook |
| Lenguaje: | español latín |
| Publicado: |
Bogotá, D.C., Colombia :
Sképsi,
[2025]
|
| Materias: | |
| Acceso en línea: | Digitalia Hispánica |
| Etiquetas: |
Agregar Etiqueta
Sin Etiquetas, Sea el primero en etiquetar este registro!
|
MARC
| LEADER | 00000nam a2200000 i 4500 | ||
|---|---|---|---|
| 001 | DIGIBANEZ0116 | ||
| 003 | NyNyDIG | ||
| 007 | cr ||||||||||| | ||
| 008 | 260519s2025 ck o 000 p spa d | ||
| 006 | m o d | ||
| 035 | |a (OCoLC)1592112354 | ||
| 040 | |a DGITA |b eng |e rda |e pn |c DGITA | ||
| 020 | |z 9789585024632 | ||
| 041 | 1 | |a spa |h lat | |
| 050 | 1 | 4 | |a PA6815 ebook |
| 100 | 0 | |a Virgil, |e author. | |
| 240 | 1 | 0 | |a Aeneis. |l Spanish |s (Ochoa) |
| 245 | 1 | 3 | |a La Eneida / |c Virgilio ; traducción de Eugenio de Ochoa. |
| 264 | 1 | |a Bogotá, D.C., Colombia : |b Sképsi, |c [2025] | |
| 300 | |a 1 online resource. | ||
| 336 | |a text |b txt |2 rdacontent | ||
| 337 | |a computer |b c |2 rdamedia | ||
| 338 | |a online resource |b cr |2 rdacarrier | ||
| 347 | |a text file |2 rdaft | ||
| 347 | |b PDF | ||
| 588 | 0 | |a Online resource; title from PDF title page (Digitalia, viewed May 19, 2026) | |
| 600 | 0 | 0 | |a Virgil. |t Aeneis. |
| 655 | 7 | |a Epic poetry. |2 lcgft | |
| 700 | 1 | |a Ochoa, Eugenio de, |d 1815-1872, |e translator. | |
| 700 | 0 | |i Translation of: |a Virgil. |t Aeneis. | |
| 791 | 2 | |a Digitalia (Firm), |e distributor. | |
| 793 | 0 | |g Digitalia eBook Collection: |a Grupo Editorial Ibáñez | |
| 776 | 0 | 8 | |i Print version: |a Virgil. |s Aeneis. Spanish (Ochoa). |t Eneida. |d Bogotá, D.C., Colombia : Grupo Editorial Ibáñez, [2025] |z 9789585024632 |
| 856 | 4 | 0 | |3 Digitalia Hispánica |u https://digitalia.unach.elogim.com/a/183116/ |
| 910 | |a Premium collection: 2026 | ||